000 00499nam a2200169Ia 4500
999 _c8579
_d8579
003 OSt
005 20201008115118.0
008 190216s9999||||xx |||||||||||||| ||und||
040 _coclc
082 _a004
_bKAK/F
100 _aKakar, Ajay M
_95459
245 0 _aFundamentals Of Computer Science /
_cAjay M Kakar ; Deepak A Vaswani
260 _bHimalaya Publishing House,
_c1987.
_aBombay:
300 _a323p
650 _aComputer
942 _cBK
_2ddc
_h004
_iKAK/F
_k004
_mKAK/F